01399nam a2200277 a 450000100100000000500170001000800410002702000150006804000250008308200200010810000260012824500460015426000360020030000280023650000700026459000280033465000290036265000310039191000410042295201330046395201330059695201330072995201180086295201240098099900170110400001293520241021092515.0091118s2004 dr a 000 j spa d a9945100092 aDO-SdBNPbspacBNPHU aRD863.44bS684o1 aSolano, Miguel,9154310aÓpera del cernícalo /cMiguel Solano. aSanto Domingo :bCocolo,c2004. a101 p. :bil. ;c22 cm. aIncluye datos biográficos del autor en la solapa de la cubierta aInventariado, 2020 / DG 0aCuentos dominicanos9176 0aLiteratura dominicana.967 aValidado. Control de calidad MMOLINA 001052708DSaGRbGRcHDd2009-11-18iLF1l0oRD863.44 S684op12935-30r2020-06-25te. 3w2020-06-25yLFDSZPréstamo interno 001052708DSaGRbGRcHDd2009-11-18iLF1l0oRD863.44 S684op12935-40r2020-06-25te. 4w2020-06-25yLFDSZPréstamo interno 001052708DSaGRbGRcCTd2009-11-18iLF1l0oRD863.44 S684op12935-50r2020-06-25te. 5w2020-06-25yLFDSZPréstamo interno 0010718PDaPDbPDcCTd2009-11-18iLF1l0oRD863.44 S684op12935-10r2020-06-25w2020-06-25yLFPDZNo se presta 0010718PDaPDbPDcCTd2009-11-18iLF1l0oRD863.44 S684op12935-20r2020-06-25te. 2w2020-06-25yLFPDZNo se presta c12583d12583